| 000 | 00486 a2200169 4500 | ||
|---|---|---|---|
| 082 | _a005.74 MCF | ||
| 090 |
_c3525 _d3525 |
||
| 100 | _aFred R., McFadden, | ||
| 110 | _aHoffer, Jeffrey A. | ||
| 245 |
_aModern Database management _cMcFadden, Fred R. |
||
| 250 | _aFourth ed. | ||
| 260 |
_aMenlo Park, Calif. : _bBenjamin/Cummings Pub. Co., _cc1988. |
||
| 300 |
_axxv, 594 p. : _b ill. ; _c24 cm. |
||
| 650 | _xDatabase management. | ||
| 655 | _aincludes index | ||
| 942 |
_cBK _k005.74 MCF |
||
| 999 |
_c7432 _d7432 |
||